Più grandi città della Liguria - Statistics

Statistiche generali
  • Questo quiz è stato fatto 427 volte
  • Il punteggio medio è 8 su 10
Statistiche sulle risposte
Popolazione Città % Corretto
586.655 ⭐️ Genova
100%
93.959 ⭐️ La Spezia
98%
42.034 ⭐️ Imperia
96%
61.345 ⭐️ Savona
96%
54.807 Sanremo
86%
24.310 Ventimiglia
70%
29.796 Rapallo
59%
27.398 Chiavari
57%
24.213 Albenga
53%
21.976 Sarzana
40%
Nessun quiz corrispondente trovato
Distribuzione punteggi
Percentuale di utenti per punteggio
Percentile per numero di risposta
I tuoi punteggi nel tempo
Non hai fatto questo quiz